000
00338nam a22001577a 4500
003
SGT
020
_a
978-81-239-2600-1
082
_a
615.190
_b
P15R
100
_a
RAJE, V.N
245
_a
PHARMACEUTICAL CHEMISTRY -2
250
_a
2ND
260
_a
NEW DELHI
_b
CBS PUB
_c
2015
300
_a
239
650
_a
CHEMISTRY
942
_2
ddc
_c
BK
_0
24
999
_c
9617
_d
9617